Music Quiz

Random Music Quiz
Score 0/19 Timer 10:00
0 Plays Today
% Correct
Sing for the Moment
92.9%
Without Me
85.7%
Superman
85.7%
Hailie's Song
78.6%
White America
71.4%
Square Dance
71.4%
Paul Rosenberg (skit)
71.4%
When the Music Stops
71.4%
'Till I Collapse
71.4%
Business
64.3%
% Correct
Cleanin Out My Closet
64.3%
Soldier
64.3%
Drips
64.3%
Say Goodbye Hollywood
57.1%
Say What You Say
57.1%
Steve Berman (skit)
50%
The Kiss (skit)
35.7%
Curtain's Close (skit)
28.6%
My Dad's Gones Crazy
14.3%
Remove Ads.
Support Sporcle.
Get the best of Sporcle when you Go Orange. This ad-free experience offers more features, more stats, and more fun while also helping to support Sporcle. Thank you for becoming a member.

You're not logged in!

Compare scores with friends on all Sporcle quizzes.
OR
Log In

Show Comments

Extras

Created Dec 19, 2018ReportNominate
Tags:Eminem

Top Quizzes Today


Score Distribution

Your Account Isn't Verified!

In order to create a playlist on Sporcle, you need to verify the email address you used during registration. Go to your Sporcle Settings to finish the process.

Report this User

Report this user for behavior that violates our Community Guidelines.

Details: